Alle gemeenten in de Randstad op een kaart - Statistieken

Algemene statistieken
  • Deze quiz is 2.364 keer genomen
    2.354 sinds de laatste reset
  • De gemiddelde score is 43 van 138
Antwoorden op de kaart
Antwoorden kleurgecodeerd door een groen-rode schaal op de quizkaart volgens % correct hieronder.
 
Antwoordstatistieken
Gemeente % Correct
Amsterdam
98%
Rotterdam
97%
's-Gravenhage
94%
Utrecht
92%
Almere
86%
Haarlem
81%
Lelystad
81%
Leiden
75%
Alkmaar
71%
Amersfoort
66%
Delft
66%
Dordrecht
64%
Gouda
64%
Hilversum
64%
Hoorn
55%
Katwijk
53%
Edam-Volendam
52%
Zandvoort
52%
Zoetermeer
51%
Haarlemmermeer
49%
Amstelveen
48%
Alphen aan den Rijn
47%
Schiedam
47%
Noordwijk
46%
Purmerend
44%
Zaanstad
44%
Ede
43%
Zeist
43%
Harderwijk
41%
Nieuwegein
41%
Zeewolde
41%
Goeree-Overflakkee
40%
Wassenaar
40%
Woerden
39%
Bergen
38%
Bloemendaal
37%
Vlaardingen
37%
Westland
34%
Castricum
32%
Gorinchem
32%
Leidschendam-Voorburg
32%
Soest
32%
Barendrecht
31%
Beverwijk
31%
Huizen
31%
Barneveld
30%
Diemen
30%
Lisse
30%
Aalsmeer
29%
Blaricum
29%
Heerhugowaard
29%
Houten
29%
Laren
29%
Tiel
29%
Nijkerk
28%
Rijswijk
28%
Veenendaal
28%
Baarn
27%
Maassluis
27%
Putten
27%
Ermelo
26%
Sliedrecht
26%
Weesp
26%
Zwijndrecht
26%
Capelle aan den IJssel
25%
Culemborg
25%
De Bilt
25%
Heemstede
25%
Leiderdorp
25%
Papendrecht
25%
Velsen
25%
IJsselstein
24%
Pijnacker-Nootdorp
24%
Ridderkerk
24%
Heemskerk
23%
Hellevoetsluis
23%
Krimpen aan den IJssel
23%
Alblasserdam
22%
Bodegraven-Reeuwijk
22%
Brielle
22%
Heiloo
22%
Hillegom
22%
Rhenen
22%
Waddinxveen
22%
Bunschoten
21%
Hendrik-Ido-Ambacht
21%
Oegstgeest
21%
Uitgeest
21%
Uithoorn
21%
Utrechtse Heuvelrug
21%
Voorschoten
21%
Hoeksche Waard
20%
Leusden
20%
Medemblik
20%
Wijk bij Duurstede
20%
Zaltbommel
20%
Bunnik
19%
Gooise Meren
19%
Waterland
19%
Beemster
18%
Eemnes
18%
Hardinxveld-Giessendam
18%
Lopik
18%
Moerdijk
18%
Zoeterwoude
18%
Midden-Delfland
17%
Montfoort
17%
Oudewater
17%
Vijfheerenlanden
17%
Woudenberg
17%
De Ronde Venen
16%
Krimpenerwaard
16%
Lansingerland
16%
Oostzaan
16%
Stichtse Vecht
16%
Altena
15%
Kaag en Braassem
15%
Molenlanden
15%
Neder-Betuwe
15%
Nieuwkoop
15%
Nissewaard
15%
Ouder-Amstel
15%
Scherpenzeel
15%
West Betuwe
15%
Zuidplas
15%
Landsmeer
14%
Renswoude
14%
Teylingen
14%
Buren
13%
Opmeer
13%
Westvoorne
13%
Wijdemeren
13%
Albrandswaard
12%
Wormerland
12%
Drimmelen
11%
Koggenland
11%
Langedijk
10%
Maasdriel
10%
Geen overeenkomende quizzen gevonden
Scoreverdeling
Procent van Mensen met Elke Score
Percentiel versus Aantal Correcte Antwoorden
Uw Scoregeschiedenis
U heeft deze quiz nog niet genomen sinds de laatste reset